| 000 | 01048nam a22002297a 4500 | ||
|---|---|---|---|
| 003 | OSt | ||
| 005 | 20181206095851.0 | ||
| 008 | 180314b xxu||||| |||| 00| 0 spa d | ||
| 020 | _a8434411008 | ||
| 040 | _cPJ | ||
| 100 |
_9166 _aKelsen, Hans |
||
| 245 | 1 | 0 |
_a¿Qué es la justicia? / _cHans Kelsen; edición española a cargo de Albert Calsamiglia. |
| 250 | _a2a. ed. | ||
| 260 |
_aBarcelona : _bAriel, _c1992 |
||
| 300 |
_a283 p. _c20 cm. |
||
| 490 |
_aAriel Quincenal _v102 |
||
| 500 | _aBibliografía y notas a pie de página. | ||
| 505 | _aContenido: ¿Qué es justicia? -- La doctrina del Derecho natural ante el tribunal de la ciencia -- Absolutismo y relativismo en filosofía de la ciencia -- Los juicios de valor en la ciencia del Derecho -- El Derecho como técnica social específica -- ¿Por que obedecer al Derecho ? -- Causalidad y retribución -- Causalidad y imputación -- Ciencia y política. | ||
| 650 |
_aFILOSOFIA DEL DERECHO _9177 |
||
| 700 |
_93302 _aCalsamiglia, Albert |
||
| 942 |
_2udc _cLIB _h340.12 _iKEL |
||
| 999 |
_c329 _d329 |
||